| 000 | 00755nam a22001817a 4500 | ||
|---|---|---|---|
| 003 | OSt | ||
| 005 | 20120303100217.0 | ||
| 008 | 110131t xxu||||| |||| 00| 0 eng d | ||
| 040 | _cVPM, Thane | ||
| 100 |
_aगुंडोपंत, हरिभक्त _9412 |
||
| 245 | _a०१३ सद्धर्म - त्रैमासिक : ऑक्टोबर १९६८ | ||
| 260 |
_aठाणे _bविद्या प्रसारक मंडळ _c१९६८ |
||
| 300 | _a१७ | ||
| 520 | _aगुंडोपंत, हरिभक्त | ||
| 600 |
_aगुंडोपंत, हरिभक्त _9413 |
||
| 856 | _uhttp://dspace.vpmthane.org:8080/jspui/bitstream/123456789/280/1/013Oct68.pdf | ||
| 942 |
_2ddc _cEJOURNAL |
||
| 999 |
_c827724 _d827721 |
||